| 000 | 00931nam a2200205Ii 4500 | ||
|---|---|---|---|
| 003 | JO-AjNU | ||
| 008 | 230605s9999||||xx |||||||||||||| ||und|| | ||
| 017 | _a2003/15730 | ||
| 040 |
_aJO-AjNU _bara _erda _cJO-AjNU |
||
| 041 | _aara | ||
| 050 | 1 | 4 | _aKRM2754.K54.2005 |
| 100 | 3 |
_aخليفة، عبد العزيز عبد المنعم, _eauthor _944849 |
|
| 245 | 0 | 0 | _aالأسس العامة للعقود الإدارية : الإبرام - التنفيذ - المنازعات في ضوء أحدث أحكام مجلس الدولة ووفقا لأحكام قانون المناقضات والمزايدات |
| 264 | 3 | 1 | _aد،م : د،ن،2005 |
| 300 |
_a380ص _bبشتمل على قائمة بالمراجع الببلوغرافية ص (367-371) |
||
| 336 |
_atext _btxt _2rdacontent |
||
| 337 |
_aunmediated _bn _2rdamedia |
||
| 338 |
_avolume _bnc _2rdacarrier |
||
| 650 | 4 |
_aالعقود -- القانون الإداري _944850 |
|
| 999 |
_aA19397 _c22965 _d22965 |
||